| 000 | 01403nam0a2200301 4500 | ||
|---|---|---|---|
| 001 | RU\NLR\b_ik\146669 | ||
| 005 | 20260407140748.0 | ||
| 010 |
_a5-93962-112-0 _9230 |
||
| 035 | _a(NLR Aleph) 002219804 | ||
| 090 |
_a3282853 _c3282853 |
||
| 100 | _a20060519d2005 |||y0rusy50 ca | ||
| 101 | 0 | _aeng | |
| 102 | _aRU | ||
| 105 | _aa ||||||||| | ||
| 200 | 1 |
_aXIV Conference on the chemistry of phosphorus compounds, Kazan, Russia , June 27 - July 1, 2005 _eProgram. Abstracts |
|
| 210 |
_aKazan _cЦентр инновац. технологий _d2005 |
||
| 215 |
_a243 с. разд. паг. _cил. _d30 |
||
| 300 | _aВ надзаг.: Russ. acad. of sciences, Acad. of sciences of the Rep. of Tatarstan, A.E. Arbuzov inst. of organic a. phys. chemistry, Kazan state univ., Kazan state technological univ. [etc.] | ||
| 320 | _aБиблиогр. в конце докл. | ||
| 320 | _aУказ. в конце кн. | ||
| 606 | 1 |
_aФосфорорганические соединения _jСъезды, совещания и т.п. _9910905 _3RU\NLR\AUTH\6612926 |
|
| 686 | 4 | _aГ275.2я431(0) | |
| 710 | 1 | 2 |
_4070 _8eng _aInternational conference on the chemistry of phosphorus compounds _d14 _f2005 _eKazan _7ba _3RU\NLR\AUTH\8810083598 _9669231 |
| 801 | 0 |
_aRU _bNLR _c20060519 _gPSBO |
|
| 830 | _aКонференция по соединениям фосфора | ||
| 942 | _cBOOK | ||
| 980 | _aNB | ||